000 01077nam a22002777 4500
999 _c1627
_d1627
003 AR-BaISA
005 20240513164032.0
007 ta
008 240513b xxu||||| |||| 00| 0 spa d
020 _a9789871326426
040 _bspa
_c26911741
082 4 _222
_a664.369 Al23
100 1 _93385
_aAlderete, Juan
_eaut.
245 1 0 _aComportamientos de los mercados alternativos en función de la competitividad de aceites de distintos granos argentinos /
_cautores Juan Alderete, Sergio Fomicz, Miguel Giraudo, Juan Menéndez, Leonardo Pardo
260 _aRemedios de Escalada:
_bEdiciones de la UNLa,
_c2010
300 _a39 p.:
_bil., gráfs., tablas
504 _aBibliografía p.: 37.
505 _tAceite de maíz --
_tAceite de girasol --
_tAceite de soja --
_tAceite de maní --
_tAceite de colza
650 1 0 _91631
_aProducción de alimentos
650 1 0 _93387
_aAceites
700 1 _93386
_aFomicz, Sergio
_eaut.
700 1 _92022
_aGiraudo, Miguel
_eaut.
700 1 _92025
_aMenéndez, Juan
_eaut.
700 1 _92026
_aPardo, Leonardo
_eaut.
942 _2ddc
_cLI
_e22